000 00559nam a22002057a 4500
003 OSt
005 20140310182909.0
008 130128t xxu||||| |||| 00| 0 eng d
020 _a9789719476702
050 _aDS 675
_b.V443 2010
082 _aFIL 899.21
_bV54 2010
245 _a"Where slaves there are none"
_cVeloso , Alfredo S.
260 _aParaƱaque City
_bOld Gold Publishing
_cc2010
300 _a169 p.
_c25 cm.
_b ill.
521 _acollege students
526 _c1210L-1700L
541 _j1
562 _e1
942 _2lcc
_cBK
_kFIL
999 _c17202
_d17202